000 00477nam a2200169Ia 4500
999 _c36255
_d36255
003 OSt
005 20201218112019.0
008 190216s9999||||xx |||||||||||||| ||und||
040 _coclc
082 _a423
_bPOC/D
100 _aPocket, Hutchinson
_97488
245 0 _aDictionary Of Quotations /
_cHutchinson Pocket
260 _bHelicon,
_c1996.
_aEngland:
300 _a337p
650 _aGeneral Libraries
942 _cREF
_2ddc
_h423
_iPOC/D
_k423
_mPOC/D